<?xml version="1.0" encoding="UTF-8"?>
<collection xmlns="http://www.loc.gov/MARC21/slim">
  <record>
    <leader>00000nam  2200000   4500</leader>
    <controlfield tag="001">INLIS000000000008914</controlfield>
    <controlfield tag="005">20200702092845</controlfield>
    <datafield tag="035" ind1="#" ind2="#">
      <subfield code="a">0010-0720000005</subfield>
    </datafield>
    <controlfield tag="007">ta</controlfield>
    <controlfield tag="008">200702################g##########0#ind##</controlfield>
    <datafield tag="082" ind1="#" ind2="#">
      <subfield code="a">309.26</subfield>
    </datafield>
    <datafield tag="084" ind1="#" ind2="#">
      <subfield code="a">309.26 Suk b</subfield>
    </datafield>
    <datafield tag="100" ind1=" " ind2="#">
      <subfield code="a">Sukirno, Sadono</subfield>
    </datafield>
    <datafield tag="245" ind1="1" ind2="#">
      <subfield code="a">Beberapa Aspek Dalam Persoalan Pembangunan Daerah /</subfield>
      <subfield code="c">Sadono Sukirno</subfield>
    </datafield>
    <datafield tag="250" ind1="#" ind2="#">
      <subfield code="a">Cet.1</subfield>
    </datafield>
    <datafield tag="260" ind1="#" ind2="#">
      <subfield code="a">Jakarta :</subfield>
      <subfield code="b">Lembaga Penerbit FEUI,</subfield>
      <subfield code="c">1976</subfield>
    </datafield>
    <datafield tag="300" ind1="#" ind2="#">
      <subfield code="a">x, 199 hal. :</subfield>
      <subfield code="b">ilus ;</subfield>
      <subfield code="c">21 cm</subfield>
    </datafield>
    <datafield tag="650" ind1="#" ind2="#">
      <subfield code="a">1. Pembangunan Daerah</subfield>
    </datafield>
    <datafield tag="520" ind1="#" ind2="#">
      <subfield code="a">Ekonomi regional, yang merupakan salah satu bidang baru dalam analisa ekonomi, tumbuh sebagai suatu usaha  ekonomi untuk memberikan sumbangan buah fikiran dalam menjelaskan corak kegiatan ekonomi ditinjau dari sudut wilayah dan mengemukakan cara pendekatan untuk mengatasi ketidak seimbangan diantara berbagai wilayah. Pada mulanya analisa mengenai pembangunan daerah terutama dibuat untuk negara maju, tetapi sejak bagian kedua dasawarsa ke enampuluhan lebih banyak analisa terhadap pembangunan daerah di negara sedang berkembang dilakukan. Di negara kita isu-isu mengenai pembangunan daerah telah lama dikemukakan dan sejak zaman Orde Baru perhatian terhadap persoalan itu berkembang dengan cepat. Buku ini merupakan salah satu hasil dari perhatian yang lebih bersar dalam persoalan tersebut di negara kita. Buku ini diharapkan berguna bagi pembaca untuk mengenal dan memahami pokok-pokok persoalan dalam pembangunan daerah.</subfield>
    </datafield>
    <datafield tag="856" ind1="#" ind2="#">
      <subfield code="a">Perpustakaan Lembaga Administrasi Negara</subfield>
    </datafield>
    <datafield tag="990" ind1="#" ind2="#">
      <subfield code="a">16656</subfield>
    </datafield>
    <datafield tag="990" ind1="#" ind2="#">
      <subfield code="a">14761</subfield>
    </datafield>
    <datafield tag="990" ind1="#" ind2="#">
      <subfield code="a">17571</subfield>
    </datafield>
  </record>
</collection>
